Statistics for American Sports Quotes Quiz

Click here to take the quiz!

General Stats

  • This quiz has been taken 27,208 times
    (21,979 since last reset)
  • The average score is 9 of 18

Answer Stats

Who Said ItQuote% Correct
Muhammad AliFloat like a {butterfly}, sting like a bee
95%
Wayne GretzkyYou {miss} 100% of the shots you never take
82%
Brian Collins{Boom} goes the dynamite
71%
Vince LombardiWinning isn't everything; it's the {only} {thing}
68%
Muhammad AliI am the {greatest}
66%
Charles BarkleyI am not a {role} model
65%
Lou GehrigI consider myself the {luckiest} man on the face of the earth
62%
Joe NamathWe're going to win Sunday. I {guarantee} it
57%
Stuart ScottCool as the other side of the {pillow}
52%
Yogi Berra90% of the game is half {mental}
51%
Chad JohnsonChild, {please}
46%
Lebron JamesI'm going to take my talents to {South} {Beach}
46%
Allen IversonWe're sitting here, I'm supposed to be the franchise player, and we're
in here talking about {practice}
45%
Al DavisJust {win}, baby
44%
Jim Mora{Playoffs}!? Don't talk about {playoffs}!
35%
Mike TysonI want to eat his {children}
27%
Bryce HarperThat's a {clown} question, bro
15%
Rasheed WallaceBoth teams {played} {hard}
9%

Score Distribution

Percentile by Number Answered

Percent of People with Each Score

Your Score History

You have not taken this quiz since the last reset